Hermenéutica del sujeto

Este libro reúne los resúmenes del Curso pronunciado por Michel Foucault en 1982, en su cátedra de Historia de los sistemas de pensamiento, sobre la Hermenéutica del sujeto.

Bibliographic Details
Main Author: Foucault, Michel 1926-1984
Format: Libro
Language:Spanish
Published: Argentina : Altamira, 199?.
Subjects:
Online Access:

MARC

LEADER 00000cam a2200000 a 4500
001 000935
003 UAHC_CL
005 20210830152018.0
008 010822b1994 cl 000 spa
020 |a 9879017021 
040 |a UAHC_CL  |c UAHC_CL  |d UAHC_CL 
082 0 4 |a 121.68 F762 
100 1 |a Foucault, Michel  |d 1926-1984 
245 1 0 |a Hermenéutica del sujeto  |c Michel Foucault. 
260 |a Argentina :  |b Altamira,  |c 199?. 
300 |a 125 p. 
520 |a Este libro reúne los resúmenes del Curso pronunciado por Michel Foucault en 1982, en su cátedra de Historia de los sistemas de pensamiento, sobre la Hermenéutica del sujeto. 
650 0 |a Sí mismo  |9 1520 
650 0 |a Filosofía moderna  |9 478 
650 0 |a Hermenéutica  |9 1120 
650 0 |a Sujeto (Filosofía)  |9 12656 
942 |c BK  |2 ddc 
952 |0 0  |1 0  |4 0  |6 121_680000000000000_FOUH  |7 0  |8 General  |9 1974  |a BC  |b BC  |c General  |d 2017-08-03  |l 0  |o 121.68 FOUH  |p 1343817  |r 2026-01-07 00:00:00  |t 1  |w 2017-08-03  |y BK 
952 |0 0  |1 0  |4 0  |6 121_680000000000000_FOUH  |7 0  |8 General  |9 1975  |a BC  |b BC  |c General  |d 2017-08-03  |l 0  |o 121.68 FOUH  |p 1365892  |r 2017-08-03 00:00:00  |t 2  |w 2017-08-03  |y BK 
999 |c 935  |d 935